|
|
|
|
| LEADER |
00000nab a2200000uu 4500 |
| 001 |
vtls010878299 |
| 003 |
SK-MaSNL |
| 005 |
20260304024823.0 |
| 008 |
230303|2012 xo |||||||||||||||||eng| |
| 015 |
|
|
|a SNBRB
|
| 035 |
|
|
|a (urnnbn)urn:nbn:sk:snk:ar-005uzj
|
| 035 |
|
|
|a (uuid)66cbb6dd-72b2-4215-9cca-702cb8e78af1
|
| 035 |
|
|
|a urn:nbn:sk:snk-ab7mip
|
| 040 |
|
|
|a SNKBUCL
|b slo
|c SNKBUCL
|e AACR2
|
| 041 |
0 |
|
|a eng
|
| 044 |
|
|
|a xo
|c SK
|
| 100 |
1 |
|
|a Gómez-Ariza, José-Luis
|4 aut
|9 1293341
|
| 245 |
1 |
0 |
|a Metabolomic approach to Alzheimer's disease diagnosis based on mass spectrometry
|c José-Luis Gómez-Ariza, Raúl González-Domínguez, Tamara García-Barrera
|
| 504 |
|
|
|a Bibliogr. odkazy
|
| 650 |
0 |
7 |
|a Alzheimerova choroba
|2 SNKPH
|9 2416
|
| 650 |
0 |
7 |
|a biologické markery
|2 SNKPH
|9 84323
|
| 650 |
0 |
7 |
|a hmotnostná spektrometria
|2 SNKPH
|9 50216
|
| 655 |
|
7 |
|a štúdie
|2 SNKPH
|9 57033
|
| 700 |
1 |
|
|a González-Domínguez, Raúl
|4 aut
|9 1306033
|
| 700 |
1 |
|
|a García-Barrera, Tamara
|4 aut
|9 1293346
|
| 773 |
0 |
|
|t Chemical papers
|g Roč. 66, č. 9 (2012), s. [829]-835
|
| 958 |
|
|
|a NB
|
| 958 |
|
|
|a OND
|
| 958 |
|
|
|a EUIPO
|
| 958 |
|
|
|a article8
|
| 999 |
|
|
|c 2623713
|d 2625643
|